Comparative law in a global context : (Record no. 86275)
[ view plain ]
| 000 -LEADER | |
|---|---|
| fixed length control field | 01036nam a2200325 a 4500 |
| 001 - CONTROL NUMBER | |
| control field | 86275 |
| 003 - CONTROL NUMBER IDENTIFIER | |
| rucl marc code | BD-RjUL |
| 005 - DATE AND TIME OF LATEST TRANSACTION | |
| control field | 20260331151808.0 |
| 008 - FIXED-LENGTH DATA ELEMENTS--GENERAL INFORMATION | |
| fixed length control field | 260331s2006 nyua b 001 0 eng |
| 020 ## - INTERNATIONAL STANDARD BOOK NUMBER | |
| International Standard Book Number | 9780521858595 |
| Qualifying information | (hardback) |
| International Standard Book Number | 0521858593 |
| Qualifying information | hardback |
| International Standard Book Number | 0521675294 |
| Qualifying information | pbk. |
| International Standard Book Number | 9780521675291 |
| Qualifying information | (pbk.) |
| 035 ## - SYSTEM CONTROL NUMBER | |
| System control number | (BD-RjUL)86275 |
| 040 ## - CATALOGING SOURCE | |
| Original cataloging agency | DLC |
| Transcribing agency | DLC |
| Modifying agency | DLC |
| -- | BD-RjUL |
| Language of cataloging | eng |
| 041 ## - LANGUAGE CODE | |
| Language code of text/sound track or separate title | eng |
| 082 00 - DEWEY DECIMAL CLASSIFICATION NUMBER | |
| Edition number | 22 |
| Classification number | 340.2 |
| Author mark and year | MEC 2006 |
| 100 1# - MAIN ENTRY--PERSONAL NAME | |
| Personal name | Menski, Werner. |
| 9 (RLIN) | 17926 |
| 245 10 - TITLE STATEMENT | |
| Title | Comparative law in a global context : |
| Remainder of title | the legal systems of Asia and Africa / |
| Statement of responsibility, etc. | Werner Menski. |
| 250 ## - EDITION STATEMENT | |
| Edition statement | 2nd Edition |
| 260 ## - PUBLICATION, DISTRIBUTION, ETC. (IMPRINT) | |
| Place of publication, distribution, etc. | New York : |
| Name of publisher, distributor, etc. | Cambridge University Press, |
| Date of publication, distribution, etc. | 2006. |
| 300 ## - PHYSICAL DESCRIPTION | |
| Pagination | xx, 674 p. : |
| Illustrations | ill. ; |
| Size | 24 cm. |
| 336 ## - CONTENT TYPE | |
| Content type term | text |
| Content type code | txt |
| Source | rdacontent |
| 337 ## - MEDIA TYPE | |
| Media type term | unmediated |
| Media type code | n |
| Source | rdamedia |
| 338 ## - CARRIER TYPE | |
| Carrier type term | volume |
| Carrier type code | nc |
| Source | rdacarrier |
| 504 ## - BIBLIOGRAPHY, ETC. NOTE | |
| Bibliography, etc | Includes bibliographical references (p. 614-658) and index. |
| 650 #0 - SUBJECT ADDED ENTRY--TOPICAL TERM | |
| Topical term or geographic name as entry element | Comparative law. |
| 9 (RLIN) | 7519 |
| Topical term or geographic name as entry element | Law |
| General subdivision | Philosophy. |
| 9 (RLIN) | 3633 |
| 942 ## - ADDED ENTRY ELEMENTS (KOHA) | |
| Source of classification or shelving scheme | Dewey Decimal Classification |
| Koha item type | Books |
| Lost status | Source of classification or shelving scheme | Damaged status | Not for loan | Collection code | Permanent Location | Current Location | Shelving location | Date acquired | Source of acquisition | Cost, normal purchase price | Total Checkouts | Full call number | Date last seen | Copy number | Koha item type |
|---|---|---|---|---|---|---|---|---|---|---|---|---|---|---|---|
| Dewey Decimal Classification | Not For Loan | Non-fiction | Central Library, University of Rajshahi | Central Library, University of Rajshahi | Reading Room | 30/03/2026 | International Book Distributor, Dhaka | 11900.00 | 340.2 MEC 2006 | 31/03/2026 | C-1 | Books | |||
| Dewey Decimal Classification | Non-fiction | Central Library, University of Rajshahi | Central Library, University of Rajshahi | General Stacks | 30/03/2026 | International Book Distributor, Dhaka | 11900.00 | 340.2 MEC 2006 | 31/03/2026 | C-2 | Books |